[Event "XL C.to Italiano a squadre Master"]
[Site "Arvier ITA"]
[Date "2008.05.03"]
[Round "6"]
[White "Tomba, Ivan"]
[Black "Gabetto, Flaviano"]
[Result "1-0"]
[WhiteElo "2301"]
[BlackElo "2124"]
[PlyCount "83"]
[EventDate "2008.05.01"]

1. e4 e6 2. d4 d5 3. e5 c5 4. c3 Nc6 5. Nf3 Bd7 6. a3 a5 7. Bd3 Qb6 8. Bc2 Qa6
9. b3 a4 10. b4 cxb4 11. cxb4 b5 12. O-O Nxb4 13. axb4 Bxb4 14. Bd2 Qa5 15. Ne1
Ne7 16. Nd3 Bxd2 17. Qxd2 Nc6 18. Qe3 Nb4 19. Nxb4 Qxb4 20. Nd2 O-O 21. Rfb1
Qe7 22. Qh3 g6 23. Qh6 f6 24. exf6 Rxf6 25. Nf3 Raf8 26. Qe3 Rf4 27. Rf1 Be8
28. Ne5 Qc7 29. g3 R4f6 30. Bd1 Kg7 31. Ng4 Rf5 32. Qxe6 Bd7 33. Qe7+ R8f7 34.
Qe3 b4 35. Bxa4 Rh5 36. Bxd7 Qxd7 37. f3 Re7 38. Qd2 Qb5 39. Rfe1 Rf7 40. Ne5
Rb7 41. Nd3 Rf5 42. Nc5 1-0

[Event "XL C.to Italiano a squadre Master"]
[Site "Arvier ITA"]
[Date "2008.05.03"]
[Round "7"]
[White "Amato, Andrea"]
[Black "Borgo, Giulio"]
[Result "0-1"]
[WhiteElo "2252"]
[BlackElo "2453"]
[PlyCount "81"]
[EventDate "2008.05.01"]

1. d4 d5 2. c4 dxc4 3. Nf3 c5 4. d5 e6 5. Nc3 a6 6. a4 Nf6 7. e4 exd5 8. e5
Nbd7 9. exf6 Nxf6 10. Bg5 Be6 11. g3 Be7 12. Bg2 h6 13. Bxf6 Bxf6 14. O-O O-O
15. a5 Rb8 16. Qd2 b5 17. axb6 Rxb6 18. Rfd1 d4 19. Na4 Rb5 20. Re1 Bd5 21. Qf4
Qa8 22. Qf5 Rd8 23. g4 Qc6 24. h4 g6 25. Qf4 Ra5 26. g5 hxg5 27. hxg5 Bg7 28.
Ne5 Bxe5 29. Bxd5 Rxd5 30. Rxe5 Rxe5 31. Qxe5 Qe6 32. Qxe6 fxe6 33. f4 Kf7 34.
Kf2 Ke7 35. Ra3 Rb5 36. Kf3 Kd6 37. Ke4 Rb4 38. Nc3 Rxb2 39. Rxa6+ Kc7 40. Ra4
dxc3 41. Ke5 0-1

[Event "XL C.to Italiano a squadre Master"]
[Site "Arvier ITA"]
[Date "2008.05.03"]
[Round "7"]
[White "Bartolini, Tommaso"]
[Black "Sarno, Spartaco"]
[Result "1/2-1/2"]
[WhiteElo "2185"]
[BlackElo "2329"]
[PlyCount "73"]
[EventDate "2008.05.01"]

1. d4 g6 2. Nf3 Nf6 3. Bg5 Bg7 4. Nbd2 d5 5. e3 O-O 6. Be2 Nbd7 7. h3 Re8 8.
O-O e5 9. c3 c6 10. b4 h6 11. Bh4 e4 12. Nh2 h5 13. a4 a5 14. Nb3 b6 15. b5
cxb5 16. Bxb5 Ba6 17. Qe2 Bxb5 18. Qxb5 Rc8 19. Rfc1 Qc7 20. Nd2 Re6 21. c4 Rc6
22. Bg3 Qd8 23. Nhf1 Nf8 24. Rc2 Ne6 25. Rac1 Ne8 26. Qb3 h4 27. Bh2 Nf6 28.
cxd5 Rxc2 29. Rxc2 Rxc2 30. Qxc2 Qxd5 31. Be5 Ng5 32. Qc4 Qxc4 33. Nxc4 Nd5 34.
Bb8 Bf6 35. Nfd2 Bd8 36. Nd6 Nc3 37. N2c4 1/2-1/2

[Event "XL C.to Italiano a squadre Master"]
[Site "Arvier ITA"]
[Date "2008.05.03"]
[Round "7"]
[White "Brunello, Sabino"]
[Black "Di Fonzo, Valerio"]
[Result "1-0"]
[WhiteElo "2475"]
[BlackElo "2212"]
[PlyCount "75"]
[EventDate "2008.05.01"]

1. e4 e5 2. Nf3 Nc6 3. Bb5 Nf6 4. d3 d6 5. c3 Bd7 6. Nbd2 g6 7. Nf1 Bg7 8. Ng3
O-O 9. O-O Qe7 10. a4 Nd8 11. Re1 Ne6 12. d4 a6 13. Bf1 Ne8 14. a5 Rd8 15. Ne2
Bc8 16. g3 Kh8 17. Bg2 Nf6 18. Qc2 Ng8 19. b4 Rfe8 20. Bb2 Ng5 21. Nxg5 Qxg5
22. Rad1 Qe7 23. c4 Nh6 24. Nc3 c6 25. d5 f6 26. Ba3 Nf7 27. dxc6 bxc6 28. b5
axb5 29. cxb5 cxb5 30. Nxb5 Ba6 31. Nc3 Qc7 32. Bb4 Rb8 33. Qa4 Rec8 34. Nd5
Qc6 35. Qa3 Bf8 36. Nxf6 Rxb4 37. Qxb4 d5 38. Qb6 1-0

[Event "XL C.to Italiano a squadre Master"]
[Site "Arvier ITA"]
[Date "2008.05.03"]
[Round "7"]
[White "Cecconi, Giovanni Alberto"]
[Black "Collutiis, Duilio"]
[Result "0-1"]
[WhiteElo "2206"]
[BlackElo "2415"]
[PlyCount "66"]
[EventDate "2008.05.01"]

1. Nf3 g6 2. d4 Nf6 3. g3 Bg7 4. c4 O-O 5. Bg2 d6 6. Nc3 Nbd7 7. O-O e5 8. e4
exd4 9. Nxd4 Re8 10. Re1 c6 11. h3 Qb6 12. Nb3 Ne5 13. Bf1 Be6 14. Be3 Qd8 15.
Nd2 d5 16. exd5 cxd5 17. Bf4 Nxc4 18. Nxc4 dxc4 19. Bg2 Qb6 20. Na4 Qa5 21. g4
Rad8 22. Qc2 Nd5 23. Bd2 Nb4 24. Bxb4 Qxb4 25. Red1 h5 26. a3 Qa5 27. f3 hxg4
28. fxg4 Rd3 29. b4 Bd4+ 30. Kh1 Qe5 31. Rac1 Rxh3+ 32. Bxh3 Bd5+ 33. Bg2 Qh8#
0-1

[Event "XL C.to Italiano a squadre Master"]
[Site "Arvier ITA"]
[Date "2008.05.03"]
[Round "7"]
[White "Cocchi, Andrea"]
[Black "D'Amore, Carlo"]
[Result "0-1"]
[WhiteElo "2316"]
[BlackElo "2481"]
[PlyCount "48"]
[EventDate "2008.05.01"]

1. Nf3 Nf6 2. b3 d6 3. g3 e5 4. d3 g6 5. Bg2 Bg7 6. Bb2 O-O 7. O-O Nh5 8. e4 c5
9. Nc3 Nc6 10. Rb1 f5 11. exf5 Bxf5 12. Nd5 Be6 13. Nd2 Qd7 14. Nc4 Rf7 15.
Nce3 Raf8 16. c3 Nf4 17. gxf4 exf4 18. d4 f3 19. Re1 fxg2 20. Re2 Bh3 21. f4 g5
22. Rf2 gxf4 23. Nxg2 Bg4 24. Qd2 Qf5 0-1

[Event "XL C.to Italiano a squadre Master"]
[Site "Arvier ITA"]
[Date "2008.05.03"]
[Round "7"]
[White "Di Caro, Calogero"]
[Black "Martorelli, Antonio"]
[Result "1/2-1/2"]
[WhiteElo "2399"]
[BlackElo "2230"]
[PlyCount "25"]
[EventDate "2008.05.01"]

1. d4 d5 2. c4 e6 3. Nf3 Nf6 4. Nc3 Be7 5. Bg5 Nbd7 6. e3 O-O 7. Rc1 c6 8. Bd3
dxc4 9. Bxc4 b5 10. Bd3 Bb7 11. O-O a6 12. a4 b4 13. Bxf6 1/2-1/2

[Event "XL C.to Italiano a squadre Master"]
[Site "Arvier ITA"]
[Date "2008.05.03"]
[Round "7"]
[White "Garcia Palermo, Carlos Horacio"]
[Black "Ronchetti, Niccolo'"]
[Result "1/2-1/2"]
[WhiteElo "2465"]
[BlackElo "2431"]
[PlyCount "59"]
[EventDate "2008.05.01"]

1. d4 d5 2. Nf3 Nf6 3. c4 dxc4 4. e3 e6 5. Bxc4 c5 6. O-O a6 7. a4 Nc6 8. Qe2
cxd4 9. Rd1 Be7 10. Nxd4 Nxd4 11. exd4 Bd7 12. Nc3 Bc6 13. Bg5 O-O 14. Rd3 Rc8
15. b3 Re8 16. Rad1 Nd5 17. Bxe7 Nxc3 18. Rxc3 Qxe7 19. Qe5 Qc7 20. a5 Qxe5 21.
dxe5 Bd5 22. Rdc1 Bxc4 23. Rxc4 Rxc4 24. Rxc4 Rd8 25. f4 g5 26. fxg5 Rd5 27. b4
Rxe5 28. h4 Kg7 29. Kf2 b6 30. axb6 1/2-1/2

[Event "XL C.to Italiano a squadre Master"]
[Site "Arvier ITA"]
[Date "2008.05.03"]
[Round "7"]
[White "Luciani, Valerio"]
[Black "Gabetto, Flaviano"]
[Result "0-1"]
[WhiteElo "2215"]
[BlackElo "2124"]
[PlyCount "62"]
[EventDate "2008.05.01"]

1. d4 d5 2. c4 e5 3. dxe5 d4 4. Nf3 Nc6 5. g3 Bg4 6. Bg2 Qd7 7. O-O O-O-O 8.
Nbd2 Nge7 9. e6 Qxe6 10. h3 Bf5 11. Ng5 Qg6 12. Nge4 h5 13. Kh2 Ne5 14. f4 Nd7
15. b4 Nc6 16. a3 Re8 17. Nf2 Bc2 18. Qe1 Nb6 19. b5 Na5 20. Nf3 Nb3 21. Ne5
Rxe5 22. fxe5 Nxa1 23. e4 Nxc4 24. Bf4 Nb3 25. Qe2 Nxa3 26. Nd3 Qb6 27. Ne1 d3
28. Qf3 Nd4 29. Qf2 Nc4 30. Bc1 Nxe5 31. Bb2 Bc5 0-1

[Event "XL C.to Italiano a squadre Master"]
[Site "Arvier ITA"]
[Date "2008.05.03"]
[Round "7"]
[White "Manca, Federico"]
[Black "Gueci, Riccardo"]
[Result "1-0"]
[WhiteElo "2372"]
[BlackElo "2125"]
[PlyCount "45"]
[EventDate "2008.05.01"]

1. e4 d6 2. d4 Nf6 3. Nc3 Nbd7 4. f3 e5 5. Nge2 Be7 6. Be3 c6 7. g4 h6 8. Qd2
Nh7 9. Ng3 Nb6 10. O-O-O Bg5 11. Kb1 Bxe3 12. Qxe3 Qg5 13. Qf2 g6 14. h4 Qf6
15. Qe3 Nf8 16. d5 c5 17. Nb5 Kd8 18. g5 Qf4 19. Qf2 hxg5 20. Ne2 Qf6 21. hxg5
Qg7 22. Rxh8 Qxh8 23. Nxd6 1-0

[Event "XL C.to Italiano a squadre Master"]
[Site "Arvier ITA"]
[Date "2008.05.03"]
[Round "7"]
[White "Mogranzini, Roberto"]
[Black "Mascellani, Marco"]
[Result "1-0"]
[WhiteElo "2418"]
[BlackElo "2309"]
[PlyCount "71"]
[EventDate "2008.05.01"]

1. e4 c5 2. Nc3 Nc6 3. Nf3 e5 4. Bc4 h6 5. d3 d6 6. Nd2 Be6 7. Bxe6 fxe6 8.
Qh5+ Kd7 9. O-O Nf6 10. Qd1 g5 11. a3 a5 12. Nb5 Ra6 13. c3 Be7 14. Rb1 Kc8 15.
b4 axb4 16. axb4 cxb4 17. cxb4 d5 18. exd5 exd5 19. d4 e4 20. Nb3 Bxb4 21. Nc5
Ra5 22. Qe2 Bxc5 23. dxc5 Rh7 24. Bd2 Ra2 25. Nd6+ Kb8 26. Qb5 Na7 27. Qb4 b5
28. Bc3 Ne8 29. Qb3 Nxd6 30. Qxa2 Nc4 31. Rfd1 Rb7 32. Qa6 Qd7 33. Qxh6 Nc6 34.
Qxg5 b4 35. Qg8+ Qc8 36. Qxd5 1-0

[Event "XL C.to Italiano a squadre Master"]
[Site "Arvier ITA"]
[Date "2008.05.03"]
[Round "7"]
[White "Nguyen, Chi-Minh"]
[Black "Bellini, Fabio"]
[Result "1/2-1/2"]
[WhiteElo "2415"]
[BlackElo "2518"]
[PlyCount "90"]
[EventDate "2008.05.01"]

1. d4 d6 2. c4 e5 3. Nf3 exd4 4. Nxd4 g6 5. Nc3 Bg7 6. e4 Nf6 7. Be2 O-O 8. O-O
Re8 9. f3 Nh5 10. g4 Nf6 11. Bg5 h6 12. Be3 h5 13. h3 c6 14. Qd2 d5 15. cxd5
cxd5 16. Bb5 Bd7 17. g5 Nh7 18. Bxd7 Qxd7 19. Nxd5 Qxh3 20. Qg2 Qxg2+ 21. Kxg2
Na6 22. Nb5 Rad8 23. Rfd1 Bxb2 24. Rab1 Be5 25. Nxa7 Nc7 26. Nxc7 Bxc7 27. Nb5
Be5 28. f4 Rxd1 29. Rxd1 Bg7 30. Kf3 f6 31. Nc7 Re7 32. Rd8+ Nf8 33. Nd5 Rd7
34. Rxd7 Nxd7 35. gxf6 Nxf6 36. Nb6 Kf7 37. Nc4 Ke6 38. a4 Ne8 39. Na5 Nd6 40.
e5 Bxe5 41. fxe5 Kxe5 42. Bf4+ Kd5 43. Bxd6 Kxd6 44. Nxb7+ Kc6 45. Na5+ Kc5
1/2-1/2

[Event "XL C.to Italiano a squadre Master"]
[Site "Arvier ITA"]
[Date "2008.05.03"]
[Round "7"]
[White "Ortega, Lexy"]
[Black "Ramondino, Renzo"]
[Result "0-1"]
[WhiteElo "2459"]
[BlackElo "2275"]
[PlyCount "72"]
[EventDate "2008.05.01"]

1. d4 Nf6 2. Nf3 g6 3. Nc3 d5 4. Bf4 Bg7 5. e3 O-O 6. Be2 c5 7. dxc5 Nbd7 8.
O-O Nxc5 9. Be5 b6 10. Qb1 Bb7 11. Rd1 Ncd7 12. Bxf6 Nxf6 13. e4 e6 14. exd5
exd5 15. Nb5 Qe7 16. Nbd4 Ne4 17. c3 Rac8 18. Re1 Qc5 19. Qd1 Nd6 20. Bf1 Rfe8
21. Qa4 a5 22. Rad1 Re4 23. Qd7 Rce8 24. Nb5 Nxb5 25. Rxe4 Rxe4 26. Bxb5 Re7
27. Qd8+ Bf8 28. a4 d4 29. Qxd4 Bxf3 30. gxf3 Qg5+ 31. Qg4 Qe5 32. Kg2 h5 33.
Qg3 Qf6 34. Bc4 Re5 35. f4 Re4 36. Rd4 Rxd4 0-1

[Event "XL C.to Italiano a squadre Master"]
[Site "Arvier ITA"]
[Date "2008.05.03"]
[Round "7"]
[White "Palac, Mladen"]
[Black "Huebner, Robert"]
[Result "1-0"]
[WhiteElo "2559"]
[BlackElo "2599"]
[PlyCount "75"]
[EventDate "2008.05.01"]

1. e4 e6 2. d4 d5 3. Nc3 Nf6 4. Bg5 dxe4 5. Nxe4 Nbd7 6. Nxf6+ Nxf6 7. Bd3 c5
8. dxc5 Bxc5 9. Nf3 Qc7 10. Qd2 Bd7 11. Qc3 O-O-O 12. O-O Be7 13. Qxc7+ Kxc7
14. Rfe1 h6 15. Bh4 Nd5 16. Bg3+ Kc8 17. Re4 Bf6 18. Ne5 Bxe5 19. Bxe5 f6 20.
Bd6 Nc7 21. Rg4 h5 22. Rg3 h4 23. Rg6 Rdg8 24. Rg4 Bc6 25. Re1 h3 26. gxh3 g5
27. Bxc7 Kxc7 28. Rxe6 Re8 29. Rxe8 Rxe8 30. f4 Bd7 31. Rg3 gxf4 32. Rg7 Re5
33. Rf7 Kd8 34. Rxf6 Rg5+ 35. Kf2 Bc6 36. Rxf4 Rg2+ 37. Ke3 Rxh2 38. h4 1-0

[Event "XL C.to Italiano a squadre Master"]
[Site "Arvier ITA"]
[Date "2008.05.03"]
[Round "7"]
[White "Patelli, Alessandro"]
[Black "Ganci, Fabrizio"]
[Result "1/2-1/2"]
[WhiteElo "2219"]
[BlackElo "2216"]
[PlyCount "29"]
[EventDate "2008.05.01"]

1. Nf3 d5 2. d4 Nf6 3. c4 c6 4. Qc2 e6 5. g3 Nbd7 6. Bg2 Bd6 7. Nbd2 O-O 8. O-O
Re8 9. b3 e5 10. cxd5 cxd5 11. dxe5 Nxe5 12. Bb2 Bg4 13. Nxe5 Bxe5 14. Bxe5
Rxe5 15. Nf3 1/2-1/2

[Event "XL C.to Italiano a squadre Master"]
[Site "Arvier ITA"]
[Date "2008.05.03"]
[Round "7"]
[White "Piscopo, Pierluigi"]
[Black "Mauro, Alan"]
[Result "0-1"]
[WhiteElo "2379"]
[BlackElo "2187"]
[PlyCount "90"]
[EventDate "2008.05.01"]

1. e4 c5 2. Nf3 d6 3. c3 Nf6 4. Be2 g6 5. O-O Bg7 6. Bb5+ Bd7 7. Bxd7+ Nbxd7 8.
Re1 O-O 9. d4 e5 10. b4 exd4 11. cxd4 cxd4 12. Bb2 Ne5 13. Bxd4 Nfg4 14. Nc3
Nxf3+ 15. gxf3 Ne5 16. f4 Nf3+ 17. Qxf3 Bxd4 18. Rad1 Bxc3 19. Qxc3 Rc8 20. Qe3
Qf6 21. Rd4 Rfe8 22. Red1 Qe6 23. Qf3 Qxa2 24. Rxd6 Qc4 25. R1d4 Qc2 26. h4 Rc3
27. Rd3 Rxd3 28. Rxd3 Qb1+ 29. Kg2 Qxb4 30. e5 Qe7 31. h5 b6 32. h6 Qe6 33. Rd6
Qc8 34. Rc6 Qa8 35. f5 Qd8 36. Rf6 Rxe5 37. fxg6 fxg6 38. Rf7 Qg5+ 39. Kf1 Qc1+
40. Kg2 Rg5+ 41. Kh3 Qf1+ 42. Kh4 Rh5+ 43. Kg4 Qg1+ 44. Kf4 Qg5+ 45. Ke4 Qd5+
0-1

[Event "XL C.to Italiano a squadre Master"]
[Site "Arvier ITA"]
[Date "2008.05.03"]
[Round "7"]
[White "Radice, Luca"]
[Black "Vocaturo, Daniele"]
[Result "0-1"]
[WhiteElo "2098"]
[BlackElo "2412"]
[PlyCount "64"]
[EventDate "2008.05.01"]

1. d4 Nf6 2. c4 c5 3. d5 e5 4. Nc3 d6 5. g3 Be7 6. Bg2 O-O 7. e4 Ne8 8. Nge2
Nd7 9. Be3 a6 10. O-O g6 11. f4 f5 12. exf5 gxf5 13. Kh1 Bf6 14. Rb1 b5 15.
cxb5 axb5 16. Nxb5 Qa5 17. Nbc3 e4 18. g4 Nb6 19. gxf5 Nc4 20. Qc1 Bxf5 21. Ng3
Bxc3 22. bxc3 Ng7 23. Rb7 Ra7 24. Rxa7 Qxa7 25. Rg1 Kh8 26. Bf1 Qxa2 27. Bxc4
Qxc4 28. Qb2 Bg4 29. Kg2 h5 30. Ra1 h4 31. Nf1 Nf5 32. Ra7 Bh3+ 0-1

[Event "XL C.to Italiano a squadre Master"]
[Site "Arvier ITA"]
[Date "2008.05.03"]
[Round "7"]
[White "Shytaj, Luca"]
[Black "Tocchioni, Doriano"]
[Result "1-0"]
[WhiteElo "2467"]
[BlackElo "2279"]
[PlyCount "65"]
[EventDate "2008.05.01"]

1. e4 c6 2. d4 d5 3. exd5 cxd5 4. c4 Nf6 5. Nc3 Nc6 6. Bg5 Be6 7. a3 Na5 8.
Bxf6 gxf6 9. c5 h5 10. b4 Nc6 11. Be2 Rg8 12. Bxh5 Rxg2 13. Bf3 Rg6 14. Nge2
Bh6 15. Qb3 Qd7 16. Qa4 Rg5 17. b5 Nd8 18. h4 Rf5 19. Bg2 Kf8 20. Qc2 Kg8 21.
Qd3 Kh8 22. Bh3 a6 23. bxa6 Rxa6 24. Bxf5 Bxf5 25. Qf3 Re6 26. Qh5 Kg7 27. Rg1+
Bg6 28. Qxd5 Rxe2+ 29. Kxe2 Qh3 30. Rg3 Qxh4 31. Rh1 e6 32. Rxh4 exd5 33. f4
1-0

[Event "II C.to Italiano Serie Nazionali a squadre"]
[Site "Arvier ITA"]
[Date "2008.05.02"]
[Round "1"]
[White "Antonelli, Fabrizio"]
[Black "Broli, Carlo"]
[Result "0-1"]
[WhiteElo "2035"]
[BlackElo "1907"]
[PlyCount "132"]
[EventDate "2008.05.02"]

1. e4 Nf6 2. e5 Nd5 3. d4 d6 4. Nf3 Bg4 5. Be2 e6 6. O-O Be7 7. c4 Nb6 8. Nc3
O-O 9. Be3 a6 10. Qb3 N8d7 11. Rfd1 Qc8 12. a4 Rb8 13. a5 Na8 14. exd6 cxd6 15.
Rac1 b6 16. axb6 Naxb6 17. c5 dxc5 18. dxc5 Nxc5 19. Bxc5 Qxc5 20. Ne4 Qb4 21.
Qxb4 Bxb4 22. Bxa6 Nd5 23. Bc4 Nf4 24. b3 h5 25. Rd7 Rfd8 26. Ne5 Rxd7 27. Nxd7
Rc8 28. Ra1 Be2 29. Rc1 Ba3 30. Rc2 Rd8 31. Bxe2 Rxd7 32. g3 Nxe2+ 33. Rxe2 Rd3
34. Rd2 Rxb3 35. Rd8+ Kh7 36. h4 Rb7 37. Kg2 Ra7 38. Kf3 Kg6 39. Ng5 Be7 40.
Rd4 Bxg5 41. hxg5 Kxg5 42. Rb4 f5 43. Rc4 e5 44. Rb4 Ra3+ 45. Kg2 e4 46. Rb2 h4
47. gxh4+ Kxh4 48. Re2 g5 49. Kh2 Kg4 50. Kg2 Ra4 51. Rb2 f4 52. Rc2 Ra3 53.
Rb2 f3+ 54. Kh2 Kf4 55. Rb4 Ra2 56. Kg1 Ra1+ 57. Kh2 Ra7 58. Rc4 Rh7+ 59. Kg1
Rh4 60. Ra4 Rg4+ 61. Kf1 Rg2 62. Rb4 g4 63. Ra4 g3 64. fxg3+ Rxg3 65. Kf2 Rg2+
66. Kf1 Rb2 0-1

[Event "II C.to Italiano Serie Nazionali a squadre"]
[Site "Arvier ITA"]
[Date "2008.05.02"]
[Round "1"]
[White "Braga, Fernando Alberto"]
[Black "Cappai, Davide"]
[Result "1-0"]
[WhiteElo "2428"]
[BlackElo "2100"]
[PlyCount "69"]
[EventDate "2008.05.02"]

1. Nf3 g6 2. e4 Bg7 3. d4 d6 4. h3 Nc6 5. Bc4 Nf6 6. Qe2 O-O 7. e5 Ne8 8. O-O
d5 9. Bb3 Na5 10. Nc3 c6 11. Nd1 Nc7 12. Ne3 f6 13. Rd1 Be6 14. Nf1 Qd7 15. Bf4
Rae8 16. c3 Kh8 17. Bc2 Bg8 18. b3 b6 19. Qd2 Nb7 20. Bh6 Nd8 21. Re1 Be6 22.
Ng3 Nf7 23. Bf4 Qc8 24. Rac1 Bd7 25. c4 Be6 26. Bd3 f5 27. h4 h5 28. Ne2 Qb7
29. Be3 Kh7 30. Nf4 Bh6 31. Nh3 Bc8 32. Bxh6 Nxh6 33. Nfg5+ Kg7 34. Nf4 Nf7 35.
cxd5 1-0

[Event "II C.to Italiano Serie Nazionali a squadre"]
[Site "Arvier ITA"]
[Date "2008.05.02"]
[Round "1"]
[White "Buchicchio, Giampaolo"]
[Black "Barletta, Mauro"]
[Result "1-0"]
[WhiteElo "2287"]
[BlackElo "2205"]
[PlyCount "79"]
[EventDate "2008.05.02"]

1. e4 c6 2. Nc3 d5 3. Nf3 dxe4 4. Nxe4 Nf6 5. Nxf6+ exf6 6. d4 Bg4 7. c3 Bd6 8.
h3 Be6 9. Bd3 Nd7 10. Be3 Nb6 11. Nd2 Nd5 12. Qf3 Nxe3 13. fxe3 Qc7 14. Ne4 Be7
15. O-O O-O-O 16. b4 f5 17. Nc5 Bxc5 18. bxc5 g6 19. Rfb1 Bd5 20. Qf2 Rhe8 21.
Rb4 Qe7 22. Rab1 Rd7 23. Ba6 Qxe3 24. Rxb7 Rxb7 25. Rxb7 Qxf2+ 26. Kxf2 Kd8 27.
c4 Be6 28. Rxa7 Re7 29. Ra8+ Kc7 30. a4 g5 31. a5 f4 32. Ra7+ Kd8 33. Rxe7 Kxe7
34. Bb7 Kd7 35. d5 Kc7 36. Bxc6 Bc8 37. Be8 f5 38. d6+ Kd8 39. Bb5 g4 40. c6
1-0

[Event "II C.to Italiano Serie Nazionali a squadre"]
[Site "Arvier ITA"]
[Date "2008.05.02"]
[Round "1"]
[White "Cavallero, Eugenio"]
[Black "Massironi, Marco"]
[Result "0-1"]
[WhiteElo "1831"]
[BlackElo "2120"]
[PlyCount "46"]
[EventDate "2008.05.02"]

1. e4 c5 2. c3 d6 3. d4 Nf6 4. dxc5 Nc6 5. Bc4 Qa5 6. b4 Qc7 7. cxd6 exd6 8.
Nf3 Be7 9. Nbd2 O-O 10. O-O Bg4 11. Bb2 Ne5 12. Be2 Bxf3 13. Nxf3 Nxe4 14. Nxe5
dxe5 15. Qc2 Nf6 16. Rfe1 Bxb4 17. Bd3 Ba5 18. Re3 Rfe8 19. c4 Rad8 20. Rh3 e4
21. Be2 Rd2 22. Qc1 Rxe2 23. Bxf6 Re1+ 0-1

[Event "II C.to Italiano Serie Nazionali a squadre"]
[Site "Arvier ITA"]
[Date "2008.05.02"]
[Round "1"]
[White "Chiarion, Elisa"]
[Black "Gallucci, Alessio"]
[Result "1/2-1/2"]
[WhiteElo "1897"]
[BlackElo "2175"]
[PlyCount "57"]
[EventDate "2008.05.02"]

1. e4 c5 2. Nf3 d6 3. d4 cxd4 4. Nxd4 Nf6 5. Nc3 g6 6. Be3 Bg7 7. f3 Nc6 8. Bc4
O-O 9. Qd2 Bd7 10. O-O-O Rc8 11. Bb3 Ne5 12. h4 Nc4 13. Bxc4 Rxc4 14. g4 h5 15.
gxh5 Nxh5 16. Rhg1 b5 17. f4 Nxf4 18. Nf5 Bxc3 19. bxc3 Qa5 20. Nxe7+ Kh7 21.
Bxf4 Qa3+ 22. Kb1 Be6 23. Nd5 Ra4 24. Qe3 Bxd5 25. Rxd5 b4 26. Bxd6 Rb8 27.
Rh5+ gxh5 28. Rg7+ Kxg7 29. Qg5+ 1/2-1/2

[Event "II C.to Italiano Serie Nazionali a squadre"]
[Site "Arvier ITA"]
[Date "2008.05.02"]
[Round "1"]
[White "Corvi, Marco"]
[Black "Bruno, Fabio"]
[Result "1/2-1/2"]
[WhiteElo "2347"]
[BlackElo "2450"]
[PlyCount "157"]
[EventDate "2008.05.02"]

1. c4 c5 2. Nc3 b6 3. Nf3 Bb7 4. d4 cxd4 5. Qxd4 e6 6. Bg5 Nf6 7. g3 d6 8. Bg2
a6 9. O-O Nbd7 10. Rfd1 Qc7 11. Rac1 Rc8 12. Nd2 Bxg2 13. Kxg2 Be7 14. f3 h6
15. Bxf6 Bxf6 16. Qe3 Bg5 17. f4 Be7 18. Nce4 O-O 19. Nf3 Rfd8 20. b4 Nf8 21.
a4 Qb7 22. b5 axb5 23. cxb5 d5 24. Nf2 Bc5 25. Qb3 Bxf2 26. Kxf2 Nd7 27. Nd4
Nc5 28. Qb4 Ra8 29. Nc6 Re8 30. Ra1 Na6 31. Qd4 Nc5 32. Rdb1 Qc7 33. Kf1 Qd6
34. Qb4 Qf8 35. Rc1 Ne4 36. Qxf8+ Kxf8 37. Ke1 Rec8 38. Kd1 Ke8 39. Ra3 Nd6 40.
Rb1 Nxb5 41. Rxb5 Rxc6 42. f5 Ke7 43. fxe6 fxe6 44. a5 Rxa5 45. Rbxa5 bxa5 46.
Rxa5 Kf6 47. Ra7 Rb6 48. Ke1 h5 49. Kf2 h4 50. gxh4 Rb4 51. Kg3 Re4 52. Ra2 Kf5
53. Rb2 Rg4+ 54. Kh3 Rg1 55. Rb3 Ke4 56. h5 d4 57. Rb8 Rg5 58. Rb3 Rxh5+ 59.
Kg2 Rf5 60. Rg3 g5 61. Ra3 e5 62. Kg1 Kd5 63. Ra5+ Kc4 64. Kg2 Kc3 65. Rd5 g4
66. Kg3 Kd2 67. Kxg4 Rf4+ 68. Kg3 Re4 69. h4 Re3+ 70. Kg4 Rxe2 71. h5 Rg2+ 72.
Kh3 Rg5 73. Kh4 Rg1 74. Rxe5 d3 75. h6 Kc3 76. Rd5 d2 77. Kh5 d1=Q+ 78. Rxd1
Rxd1 79. h7 1/2-1/2

[Event "II C.to Italiano Serie Nazionali a squadre"]
[Site "Arvier ITA"]
[Date "2008.05.02"]
[Round "1"]
[White "Farachi, Francesco"]
[Black "Pepino, Enrico"]
[Result "1-0"]
[WhiteElo "2103"]
[BlackElo "2138"]
[PlyCount "91"]
[EventDate "2008.05.02"]

1. e4 c5 2. Nf3 d6 3. d4 cxd4 4. Nxd4 Nf6 5. Nc3 g6 6. Bc4 Bg7 7. O-O O-O 8. f3
Nc6 9. Be3 Qb6 10. Bb3 Ng4 11. Nd5 Nxe3 12. Nxb6 Bxd4 13. Qe2 Nxf1+ 14. Kxf1
Bxb6 15. c3 Bd7 16. Rd1 Rfd8 17. f4 Rac8 18. g4 Na5 19. f5 a6 20. Qf3 Bb5+ 21.
Kg2 Nc4 22. Bxc4 Bxc4 23. b3 Bb5 24. h4 Rc5 25. c4 Bc6 26. h5 Re5 27. Re1 Ba5
28. Re2 b5 29. f6 exf6 30. Qxf6 Re6 31. Qd4 gxh5 32. gxh5 Rde8 33. Kf3 Rxe4 34.
Rg2+ Kf8 35. Qxd6+ R8e7 36. Qh6+ Ke8 37. Qxc6+ Kf8 38. Qxe4 Rxe4 39. Kxe4 bxc4
40. bxc4 Ke7 41. c5 Ke6 42. c6 f5+ 43. Kf4 Bc7+ 44. Kg5 f4 45. Kh6 Kf5 46. Rg7
1-0

[Event "II C.to Italiano Serie Nazionali a squadre"]
[Site "Arvier ITA"]
[Date "2008.05.02"]
[Round "1"]
[White "Fiorido, Giuseppe"]
[Black "Autino, Massimiliano"]
[Result "1-0"]
[WhiteElo "2116"]
[BlackElo "1809"]
[PlyCount "55"]
[EventDate "2008.05.02"]

1. e4 d5 2. exd5 Qxd5 3. Nc3 Qd6 4. Bc4 Nf6 5. d4 c6 6. Nf3 Bg4 7. Be3 e6 8.
O-O Nbd7 9. Be2 Qc7 10. h3 Bh5 11. Ne1 Bxe2 12. Nxe2 Bd6 13. c4 O-O 14. Qc2 e5
15. Nf3 Rfe8 16. Rad1 exd4 17. Nexd4 Ne5 18. Nxe5 Bxe5 19. Nf3 Bf4 20. Bd4 Ne4
21. Rfe1 Ng5 22. Nxg5 Bxg5 23. Qf5 f6 24. Bc3 Rad8 25. Rxe8+ Rxe8 26. Rd7 Qc8
27. Rxg7+ Kxg7 28. Qxg5+ 1-0

[Event "II C.to Italiano Serie Nazionali a squadre"]
[Site "Arvier ITA"]
[Date "2008.05.02"]
[Round "1"]
[White "Fontana, Enrico"]
[Black "Lantini, Marco"]
[Result "1-0"]
[WhiteElo "2118"]
[BlackElo "2244"]
[PlyCount "135"]
[EventDate "2008.05.02"]

1. e4 c5 2. Nf3 e6 3. c4 Nc6 4. Nc3 Nd4 5. d3 Ne7 6. Nxd4 cxd4 7. Ne2 Nc6 8. g3
Bc5 9. Bg2 O-O 10. O-O a5 11. h3 d6 12. Kh2 Bd7 13. g4 Rc8 14. Ng3 Ba7 15. f4
f5 16. exf5 exf5 17. gxf5 Rc7 18. Bd2 Kh8 19. Qh5 b6 20. Rae1 Ne7 21. Qg5 Nxf5
22. Be4 Nxg3 23. Kxg3 Rf6 24. f5 Rc5 25. Kh2 Bb8 26. Bd5 Bc6 27. b4 Rxd5 28.
cxd5 Bxd5 29. Rg1 Qg8 30. Re8 Rf8 31. Rxf8 Qxf8 32. Re1 Bxa2 33. bxa5 bxa5 34.
Bxa5 h6 35. Qd8 Qxd8 36. Bxd8 d5+ 37. Kg2 Bf4 38. Bh4 Bb3 39. Kf3 Bd2 40. Re8+
Kh7 41. Ke2 Bc3 42. Re7 Kg8 43. Ra7 Bc2 44. Bg3 Bb4 45. Be5 Bf8 46. Bxd4 Bb3
47. h4 h5 48. Kd2 Bb4+ 49. Bc3 Bf8 50. f6 gxf6 51. Bxf6 Bh6+ 52. Ke2 Bf8 53.
Be7 Bh6 54. Bc5 Bf4 55. Ra3 Bc2 56. Be3 Bd6 57. Ra6 Bf8 58. Rg6+ Kf7 59. Rg5
Ke6 60. Rxh5 Ba4 61. Rh8 Bg7 62. Ra8 Bc6 63. Ra6 Kd6 64. h5 d4 65. Bf4+ Kc5 66.
h6 Bh8 67. Ra5+ Kb4 68. Rg5 1-0

[Event "II C.to Italiano Serie Nazionali a squadre"]
[Site "Arvier ITA"]
[Date "2008.05.02"]
[Round "1"]
[White "Giobbi, Costantino"]
[Black "Di Primio, Eugenia"]
[Result "1/2-1/2"]
[WhiteElo "1968"]
[BlackElo "1992"]
[PlyCount "87"]
[EventDate "2008.05.02"]

1. e4 e5 2. Nf3 Nc6 3. Bb5 a6 4. Ba4 Nf6 5. d3 d6 6. c3 Be7 7. O-O O-O 8. h3 b5
9. Bc2 Re8 10. Re1 h6 11. Nbd2 Bf8 12. Nf1 Nb8 13. Ng3 g6 14. Be3 c5 15. a4 Bb7
16. axb5 axb5 17. Rxa8 Bxa8 18. Bc1 Nc6 19. Nh2 Bb7 20. Ng4 Nxg4 21. Qxg4 Kh7
22. f4 h5 23. Qe2 Qh4 24. Qf2 Qf6 25. f5 Bg7 26. Rf1 Rf8 27. Qe3 Qh4 28. f6
Bxf6 29. Qh6+ Kg8 30. Nf5 gxf5 31. Rxf5 Qe1+ 32. Rf1 Bg7 33. Qxh5 Qg3 34. Bd2
Bc8 35. Rf3 Qg6 36. Qh4 Qh7 37. Qf2 Be6 38. Rg3 Kh8 39. Bd1 Ra8 40. Rg5 Kg8 41.
Rh5 Qg6 42. Rg5 Qh7 43. Rh5 Qg6 44. Rg5 1/2-1/2